000 00600nam a2200193Ia 4500
003 GCL
008 140319s9999 xx 000 0 ara d
040 _aGCL /
_cGCL
082 0 4 _aد
_b050
100 1 _aسعيد محمد الحفار
245 1 0 _aالبيولوجيا ومصير الانسان ( عالم المعرفة 83 ) /
_cسعيد محمد الحفار
490 _aعالم المعرفة
_v0
650 0 4 _aالموت
650 0 4 _aالفسيولوجيا
650 0 4 _aالحياة
650 0 4 _aالتاريخ الطبيعى
650 0 4 _aالاحياء، علم
942 _2ddc
_cBK
999 _c50229
_d50229